[Event "4NCL 2019-20"]
[Site "Daventry"]
[Date "2020.02.29"]
[Round "1"]
[White "Haria, Ravi"]
[Black "Macklin, Paul"]
[Result "1/2-1/2"]
[WhiteElo "2450"]
[BlackElo "2341"]
[Annotator "TA"]
[PlyCount "104"]
[EventDate "2020.01.11"]
[EventCountry "ENG"]
[SourceTitle "playchess.com"]
[Source "ChessBase"]
[SourceQuality "1"]

{[%evp 12,104,64,20,39,20,36,25,61,52,87,88,95,92,81,77,118,111,187,45,50,57,50,41,58,48,73,57,49,46,53,55,52,50,101,91,93,66,154,141,155,113,113,100,149,30,334,96,463,456,328,106,122,43,36,0,78,25,43,30,152,6,119,0,104,53,51,0,2,0,26,19,57,40,40,19,46,34,35,0,0,0,0,0,0,0,0,0,0,0,0,0,0,0,0]} 1. e4 d6 2. d4 Nf6 3. Nc3 g6 4. Be3 c6 5. Nf3 Bg7 6. Qd2 Qa5 7. h3 Nbd7 {B08: Pirc Defence: Classical System.} 8. Bd3 e5 9. dxe5 dxe5 {White has an edge.} 10. O-O Qc7 11. a4 a5 12. Bc4 O-O 13. Rfd1 {[#]} Re8 $146 ({Predecessor:} 13... Nh5 14. Qd3 Nb6 15. Bb3 Nd7 16. Ng5 Nhf6 17. Qe2 b6 18. Nxf7 Rxf7 19. Bxf7+ Kxf7 {1-0 (29) Gonzalez Cobos,A (1711)-Argemi Camp,J (1609) Santa Eulalia de Roncana 2018}) 14. Ng5 Re7 15. Ra3 (15. Qd3 $1 $18) 15... h6 $14 16. Nf3 Kh7 $1 17. Rb3 Ne8 18. Ne2 b6 19. Ng3 $36 {[%mdl 2048] White is more active.} Ba6 20. Bxa6 Rxa6 21. h4 Ra7 22. h5 Re6 (22... Rb7 $14) 23. Rd3 $16 Nef6 24. Nh4 Nc5 (24... Bf8 $14) 25. Bxc5 bxc5 26. Qe2 Qe7 27. Qf3 c4 {[#]} 28. R3d2 (28. Nxg6 $1 $16 {[%mdl 512]} fxg6 29. hxg6+ Kxg6 30. Nf5 cxd3 31. Nxe7+ Raxe7 32. Rxd3) 28... Rb7 $2 {[%mdl 8192]} (28... Nd7 $11) 29. c3 $2 (29. hxg6+ $18 {is more deadly.} fxg6 30. Nxg6 $1 {[%mdl 512]} Kxg6 31. Nf5) 29... c5 $2 {[%mdl 8192]} (29... Ne8 $16 {is a better chance.}) 30. hxg6+ $18 fxg6 {[#]} 31. Nf1 $2 (31. Nxg6 $1 $18 {[%mdl 512] and the rest is easy.} Kxg6 32. Nf5) 31... Reb6 32. Ne3 ({White should try} 32. Qe2 $1 $16) 32... Qe6 $14 33. g3 Rf7 (33... Rxb2 $11 34. Rd6 Qf7) 34. Qg2 (34. Nd5 $1 $16 {[%cal Rd5b6]} Rbb7 35. Qe2) 34... h5 $1 $11 35. Nd5 Rc6 {[#]} (35... Rbb7 $11) 36. Re2 (36. f4 $1 $16 {aiming for Nxg6!} Ng4 37. f5 gxf5 38. exf5) 36... Bh6 {[#]} (36... Rd6 $11 {keeps the balance.}) 37. Nf3 (37. f4 $1 $16) 37... Rb7 (37... Rd6 $11 {remains equal.}) 38. Nh2 (38. Nxf6+ $16 Qxf6 39. Rd5) 38... Rc8 39. Nf1 (39. f4 $14) 39... Rcb8 40. f3 Kg7 41. Nfe3 Qc6 42. Ra1 Nxd5 43. Nxd5 Rf8 44. Rf2 Rbf7 45. Qf1 Qe6 {The position is equal.} 46. Kg2 h4 $1 47. gxh4 Rxf3 $1 {[%mdl 64] Remove Defender, Decoy} 48. Rxf3 Qg4+ {[%mdl 64] Double Attack} 49. Rg3 Qxe4+ {[%mdl 64] Double Attack} 50. Rf3 Qg4+ 51. Rg3 Qe4+ 52. Rf3 {Black must now prevent Kg3.} Qg4+ {Blacks defense is rewarded with a draw. Accuracy: White = 45%, Black = 51%.} 1/2-1/2

[Event "4NCL 2019-20"]
[Site "Daventry"]
[Date "2020.02.29"]
[Round "1"]
[White "Suarez Real, Alberto"]
[Black "Gormally, Daniel W"]
[Result "0-1"]
[WhiteElo "2449"]
[BlackElo "2508"]
[Annotator "TA"]
[PlyCount "74"]
[EventDate "2020.01.11"]
[EventCountry "ENG"]
[SourceTitle "playchess.com"]
[Source "ChessBase"]
[SourceQuality "1"]

{[%evp 16,74,20,37,31,25,33,29,27,18,22,28,22,18,17,19,58,-13,-11,-119,-119,-119,-130,-109,-115,-115,-122,-117,-131,-129,-54,-95,-102,-108,-107,-132,-132,-132,-91,-98,0,-120,-111,-114,-109,-157,-157,-245,-183,-412,-409,-429,-438,-437,-457,-456,-456,-445,-422,-594,-584]} 1. e4 c5 2. Nf3 d6 3. d4 cxd4 4. Nxd4 Nf6 5. Nc3 a6 6. Bg5 e6 7. f4 Be7 8. Qf3 h6 9. Bh4 Bd7 {B98: Sicilian Najdorf: 6 Bg5 e6 7 f4 Be7, sidelines.} 10. O-O-O O-O {[#]} 11. Kb1 $146 ({Predecessor:} 11. Bf2 Nc6 12. Rg1 b5 13. e5 Nxd4 14. Bxd4 dxe5 15. fxe5 Nd5 16. Nxd5 exd5 17. Bd3 {½-½ (30) Danzanvilliers,P (2296)-Rund,H (2149) ICCF email 2017}) 11... Nc6 {White has an edge.} 12. e5 Nxd4 13. Rxd4 dxe5 14. fxe5 Nd5 $1 15. Nxd5 exd5 16. Qxd5 ({White should play} 16. Bf6 $14) 16... Be6 $11 17. Qe4 {[#]} (17. Bxe7 $1 $11 Qxd5 18. Rxd5 Bxd5 19. Bxf8 Kxf8 20. Rg1) 17... Qxd4 $1 $17 {[%mdl 512]} 18. Qxd4 Rfd8 $36 {[%mdl 2048] White is under strong pressure.} 19. Bf2 {[#]} Bc5 $1 {[%cal Rc5d4]} ({Reject} 19... Rxd4 $6 20. Bxd4 Rd8 21. c3 $11) 20. c3 Bxd4 21. Bxd4 b5 22. a3 Rab8 (22... Bc4 $17 23. Kc2 a5) 23. Bd3 Bc4 24. Bf5 a5 25. Ba7 Rb7 26. Bc5 Rd5 27. Bd4 Rd8 (27... b4 $17 {And now ...bxa3 would win.} 28. axb4 axb4) 28. Be4 (28. Bc5 $1 $11 {was the only way to keep the balance.}) 28... Re7 29. Bc2 {[#]} b4 $1 {[%mdl 512]} 30. Re1 (30. axb4 axb4) 30... bxa3 31. b3 (31. bxa3 $17 {keeps fighting.} f6 32. Ba4) 31... Be6 $19 32. Ka1 $2 (32. Ka2) 32... Rb7 33. Rb1 Rdb8 {Black is clearly winning.} 34. Bc5 Bxb3 35. Be4 Rb5 36. Bd6 a2 37. Rb2 (37. Rc1 $142 Rc8 38. Bf5) 37... Rc8 {Accuracy: White = 40%, Black = 86%.} 0-1

[Event "4NCL 2019-20"]
[Site "Daventry"]
[Date "2020.02.29"]
[Round "1"]
[White "Astaneh Lopez, Alex"]
[Black "Tari, Aryan"]
[Result "1/2-1/2"]
[WhiteElo "2441"]
[BlackElo "2629"]
[Annotator "TA"]
[PlyCount "46"]
[EventDate "2020.01.11"]
[EventCountry "ENG"]
[SourceTitle "playchess.com"]
[Source "ChessBase"]
[SourceQuality "1"]

{[%evp 14,46,14,-17,-13,-27,-18,-12,-25,-33,-33,-31,-28,-37,-18,-35,-36,-15,0,0,0,0,0,-35,36,0,0,0,15,24,21,0,9,0,10]} 1. d4 Nf6 2. c4 g6 3. Nc3 d5 4. Bf4 Bg7 5. e3 O-O 6. Nf3 c5 7. dxc5 Ne4 8. Be5 Bxe5 {D93: Grünfeld: 4 Nf3 Bg7 5 Bf4 0-0 6 e3.} 9. Nxe5 Nxc3 $1 10. bxc3 Qa5 11. Rc1 {was the old line (11.Qb3).} Nc6 12. Nxc6 ({Avoid the trap} 12. Qxd5 $2 Qa3 $19) 12... bxc6 {[%cal Bb7c6,Bc6d5][%mdl 32]} 13. cxd5 Rd8 {[#]} 14. Bc4 $146 ({Predecessor:} 14. Qb3 Qxc5 15. Be2 cxd5 16. Qb4 Qc7 17. O-O Rb8 18. Qa3 Be6 19. Rfd1 Rd6 20. Rd4 {½-½ (39) Swayams,M (2393)-Vishnu,P (2473) Nagpur 2012}) 14... cxd5 15. Bb3 Ba6 16. h4 Qxc5 17. h5 g5 18. Qd4 Qd6 ({Black should play} 18... Rac8 $15) 19. f4 (19. h6 $5 {[%cal Rd4g7]} e5 20. Qg4 $11) 19... gxf4 20. exf4 f6 21. Rd1 Kh8 22. Qe3 Qc6 23. Kf2 Bc4 {Accuracy: White = 89%, Black = 90%.} 1/2-1/2

[Event "4NCL 2019-20"]
[Site "Daventry"]
[Date "2020.02.29"]
[Round "1"]
[White "McPhillips, Joseph"]
[Black "Mitchell, Martin"]
[Result "1-0"]
[WhiteElo "2434"]
[BlackElo "2207"]
[Annotator "TA"]
[PlyCount "97"]
[EventDate "2020.01.11"]
[EventCountry "ENG"]
[SourceTitle "playchess.com"]
[Source "ChessBase"]
[SourceQuality "1"]

{[%evp 17,97,44,44,44,44,45,37,46,43,44,41,39,37,40,48,56,49,54,89,66,61,41,71,48,83,39,53,58,95,91,96,91,139,15,24,27,43,53,39,52,73,43,55,46,68,55,54,58,283,274,268,253,250,245,308,301,301,204,300,204,312,297,350,350,716,698,703,650,580,471,688,648,1332,1317,1310,1310,1195,635,698,272,5470,612]} 1. c4 Nf6 2. Nc3 e6 3. e4 d5 4. cxd5 exd5 5. e5 d4 6. exf6 dxc3 7. Bb5+ c6 8. Qe2+ Be6 9. Bc4 Qxf6 10. dxc3 {A18: English Opening: Flohr-Mikenas System (1 c4 Nf6 2 Nc3 e6 3 e4).} Bc5 11. Nf3 O-O 12. Bxe6 {White is slightly better.} Qxe6 13. Qxe6 fxe6 14. O-O Nd7 15. Bg5 {[#]} Nf6 $146 ({Predecessor:} 15... Rf5 16. Rad1 Ne5 17. Nxe5 Rxe5 18. Be3 Bxe3 19. fxe3 Rd5 20. c4 Rdd8 21. Kf2 Kf7 {½-½ (30) Cummings,D (2340)-Rodrigue Lemieux,S (2257) Longueuil 2019}) 16. Rfe1 Rfe8 17. Rad1 Re7 18. Ne5 Bb6 19. a4 Rf8 20. Re2 Ree8 21. h3 Nd5 22. c4 Nf4 23. Bxf4 $1 Rxf4 24. Rd7 {Black must now prevent g3.} Ref8 {[%cal Rf4f2] [#]} 25. Nf3 ({White should try} 25. c5 $1 $16 {[%cal Rc5b6]} Bxc5 26. Nd3 {[%mdl 64] Double Attack}) 25... Rxc4 26. Rxe6 {aiming for Ree7.} Bd8 ({But not} 26... Rxa4 $2 27. Ree7 $18) 27. Rxb7 Rxa4 28. Rxc6 Ra2 29. Re6 Bf6 30. Ne5 {[#] Strongly threatening Nd7.} Rc8 31. f4 h5 32. Kh2 $36 {[%mdl 2048] White fights for an advantage.} Rc2 $2 {This move loses the game for Black.} ({Black should play} 32... a5 $14) 33. Rb8+ $18 Kh7 34. Ree8 {[%csl Gb8][%cal Re8h8]} Bxe5 35. Rxe5 ({Inferior is} 35. fxe5 Raxb2 36. Rh8+ Kg6 $11) 35... Rcxb2 36. Rxh5+ {[%mdl 4096] Endgame KRR-KRR} Kg6 37. Rg5+ Kh7 (37... Kf7 $142 38. Rxb2 Rxb2) 38. Rf8 Rb6 (38... Ra6 $142 39. Rf7 Rg6 40. Rxa7 Rxg5 41. fxg5 Rb6) 39. f5 Rf6 40. Rc8 g6 $2 (40... Rf2 41. Rc7 {[%mdl 64] Double Attack} Kh6) 41. fxg6+ Rxg6 42. Rxg6 Kxg6 {KR-KR} 43. Rc6+ Kg7 (43... Kg5 $142 44. Rc5+ Kh4 45. Rc4+ Kh5) 44. h4 a5 45. Ra6 a4 46. Kh3 a3 47. g4 Ra1 48. g5 $2 (48. h5 a2 49. Kg2) 48... Kg8 $2 (48... a2 49. Kg2 Rb1 50. Rxa2 Rb6) 49. Ra7 {Accuracy: White = 70%, Black = 43%.} (49. Kg4 $142 Kf7 50. Kh5) 1-0

[Event "4NCL 2019-20"]
[Site "Daventry"]
[Date "2020.02.29"]
[Round "1"]
[White "Camacho Collados, Jose"]
[Black "Horton, Jamie A"]
[Result "1/2-1/2"]
[WhiteElo "2419"]
[BlackElo "2202"]
[Annotator "TA"]
[PlyCount "99"]
[EventDate "2020.01.11"]
[EventCountry "ENG"]
[SourceTitle "playchess.com"]
[Source "ChessBase"]
[SourceQuality "1"]

{[%evp 11,99,28,15,-39,0,0,4,-14,-11,-27,8,4,0,-10,-5,-10,-2,-52,0,0,2,-11,48,-7,0,-2,-17,-15,10,5,5,4,4,3,7,0,0,0,0,0,0,0,0,0,6,0,8,4,18,5,4,0,8,0,0,0,0,0,0,0,0,0,0,0,0,0,0,0,0,0,0,0,0,0,0,0,0,0,0,0,0,0,0,0,0,0,0,0,0,0]} 1. Nf3 d5 2. g3 Nf6 3. Bg2 e6 4. O-O Be7 5. d4 O-O 6. c4 dxc4 7. a4 {E05: Open Catalan: 5 Nf3 Be7.} ({White should play} 7. Qc2 $11) 7... Bd7 8. Qc2 Bc6 9. Qxc4 Bd5 10. Qd3 {[#]} c5 $146 ({Predecessor:} 10... Na6 11. Nc3 Nb4 12. Qd1 c5 13. Nxd5 Nbxd5 14. dxc5 Bxc5 15. Ne5 Qc7 16. Nd3 Be7 {1-0 (34) Bykhovsky,A (2411)-Pultorak,J (2164) Teplice 2015}) 11. Nc3 Bc6 12. e4 cxd4 13. Qxd4 Na6 14. Rd1 Qa5 (14... Nxe4 $15 15. Qe5 Bd6 16. Qxe4 Bxe4 17. Nxe4 Qe7 18. Nxd6 (18. Rxd6 $2 Nc5 $19) 18... Rfd8) 15. Bd2 $11 {With the idea Nd5.} Qc5 16. Rac1 (16. e5 {feels hotter.} Nd7 17. Qf4 Qb6 18. Nb5 f6 19. Qg4) 16... Qb6 (16... Rfd8 $11 17. Qxc5 (17. Nd5 $2 exd5 18. Rxc5 Bxc5 $19) 17... Nxc5) 17. Qxb6 (17. a5 $14 Qb3 18. Qe3) 17... axb6 {The position is equal.} 18. Nd4 Nc5 19. b4 Nxa4 20. Nxc6 bxc6 21. Nxa4 Rxa4 22. Rxc6 Rd8 {[#] ...Ra2 is the strong threat.} 23. Rcc1 h5 24. Bc3 Rxd1+ 25. Rxd1 Ra3 26. Bd4 Bxb4 27. Bxb6 e5 28. h3 Bc3 29. Rd3 Bb2 30. Rd8+ Kh7 31. Be3 Ra4 32. Bf3 Bd4 33. Bxd4 Rxd4 34. Rxd4 exd4 {[%mdl 4096] Endgame KB-KN} 35. Kf1 g6 36. Ke2 {Hoping for Kd3.} Nd7 37. Bg2 {Threatens to win with Kd3.} Nc5 $1 38. f4 f6 39. Bf3 Kg7 40. f5 g5 41. Bxh5 Nxe4 42. Kd3 Nxg3 {[%mdl 64] [#] Double Attack} 43. Bg4 Kh6 44. Kxd4 Nh5 45. Kd5 {White threatens Bxh5 and mate.} Nf4+ 46. Kd6 Kg7 47. Ke7 Nd5+ 48. Ke6 Nf4+ 49. Ke7 Nd5+ 50. Ke6 {A rather calm draw. Accuracy: White = 92%, Black = 89%.} 1/2-1/2

[Event "4NCL 2019-20"]
[Site "Daventry"]
[Date "2020.02.29"]
[Round "1"]
[White "Socko, Monika"]
[Black "Quinn, John M"]
[Result "1-0"]
[WhiteElo "2419"]
[BlackElo "2139"]
[Annotator "TA"]
[PlyCount "65"]
[EventDate "2020.01.11"]
[EventCountry "ENG"]
[SourceTitle "playchess.com"]
[Source "ChessBase"]
[SourceQuality "1"]

{[%evp 19,65,20,20,31,30,25,31,48,78,83,135,145,239,239,293,289,332,334,422,407,467,502,492,472,547,532,554,553,589,582,582,582,582,581,568,574,574,566,604,614,620,602,882,850,29991,29992,29993,29994]} 1. d4 Nf6 2. c4 g6 3. Nf3 Bg7 4. g3 O-O 5. Bg2 d6 6. O-O Nbd7 7. Qc2 e5 8. Rd1 Re8 9. Nc3 {[%cal Bb1c3,Bc3b5,Bb5c7][%mdl 32]} c6 10. b3 e4 11. Ng5 {[%cal Rg5e4] E67: King's Indian: Fianchetto: 6...Nbd7.} d5 12. cxd5 {[%mdl 64] [#] Overworked Piece} cxd5 13. Nb5 $1 {White is slightly better.} h6 14. Nc7 hxg5 (14... Nb8 $142) 15. Nxa8 $16 {Hoping for Nc7.} Re6 {[#]} (15... Nf8 $16 {was called for.}) 16. Qc7 $1 $18 {[%cal Rc7d8]} ({Not} 16. Bxg5 Rc6 $15) 16... Qe8 17. Bxg5 Rc6 18. Qa5 a6 19. Rac1 b6 {aiming for ...Rxc1.} 20. Qa4 b5 {And now ...Rxc1 would win.} 21. Qa5 Nf8 22. Nc7 Rxc1 23. Rxc1 Qd8 {[#]} 24. Qb6 $146 ({Predecessor:} 24. Qc3 Bb7 25. Nxa6 Bxa6 26. Qc6 Qd7 27. Bxf6 Qxc6 28. Rxc6 Bxf6 29. Rxf6 Ne6 30. Bh3 Kg7 31. Bxe6 Kxf6 32. Bxd5 b4 33. Kf1 {1-0 (33) Moloney,N (2208)-Erdelyi,Z (2230) Budapest 2001}) 24... Bg4 25. Nxd5 {[%mdl 64] Deflection} Qxd5 26. Bxf6 Bxe2 27. Bxg7 Kxg7 28. Qc5 Qe6 29. d5 Qe5 30. d6 Kf6 31. Qc8 {[%mdl 64] Double Attack} Ne6 32. Qh8+ Ng7 33. d7 {White took control after the opening. Accuracy: White = 100%, Black = 40%.} 1-0

[Event "4NCL 2019-20"]
[Site "Daventry"]
[Date "2020.02.29"]
[Round "1"]
[White "McDonald, Neil"]
[Black "Jackson, Sheila"]
[Result "1-0"]
[WhiteElo "2408"]
[BlackElo "2064"]
[Annotator "TA"]
[PlyCount "43"]
[EventDate "2020.01.11"]
[EventCountry "ENG"]
[SourceTitle "playchess.com"]
[Source "ChessBase"]
[SourceQuality "1"]

{[%evp 9,43,0,2,-3,10,12,43,51,40,32,120,112,204,215,265,265,280,248,384,329,399,392,389,383,589,595,569,568,2493,2408,5814,2552,29989,29990,29990,29991]} 1. e4 e5 2. f4 d5 3. exd5 exf4 4. Nf3 Bd6 5. Nc3 Ne7 6. Bc4 {[#] C36: King's Gambit Accepted: 3 Nf3 d5.} a6 $146 ({Predecessor:} 6... O-O 7. O-O Bg4 8. d4 Nd7 9. Qe1 Nf5 10. Nb5 Re8 11. Qf2 Nf6 12. Ne5 Rxe5 13. Nxd6 cxd6 14. dxe5 dxe5 {1-0 (32) Gabrielian,A (2462)-Matlakov,M (2533) Dagomys 2009}) 7. O-O h6 8. d4 {White is slightly better.} Nd7 9. Ne4 Nb6 (9... O-O $14) 10. Bb3 $16 Ng6 (10... a5 $16) 11. c4 $18 Be7 12. Ne5 Nxe5 13. dxe5 g5 (13... Bf5 {is a better defense.}) 14. c5 Bf5 15. cxb6 Bxe4 16. Qd4 Bg6 (16... Bxd5 $142 17. bxc7 {[%mdl 64] Overworked Piece} (17. Bxd5 c6 $11) 17... Qxc7 18. Qxd5 Qc5+ 19. Kh1 Qxd5 20. Bxd5 O-O 21. Bxb7 Ra7) 17. bxc7 Qxc7 {White must now prevent ...Bc5.} 18. d6 {[%mdl 64] Double Attack} O-O-O 19. Bxf4 (19. dxc7 $2 {perishes.} Rxd4 20. Bd1 Bd3 $19) 19... gxf4 {[#]} 20. Rac1 $1 {[%mdl 512]} Qxc1 21. Rxc1+ Kb8 22. Rc7 {White took control after the opening. Accuracy: White = 94%, Black = 19%.} 1-0

[Event "4NCL 2019-20"]
[Site "Daventry"]
[Date "2020.02.29"]
[Round "1"]
[White "Houska, Jovanka"]
[Black "House, Glenn L"]
[Result "1-0"]
[WhiteElo "2401"]
[BlackElo "2239"]
[Annotator "TA"]
[PlyCount "79"]
[EventDate "2020.01.11"]
[EventCountry "ENG"]
[SourceTitle "playchess.com"]
[Source "ChessBase"]
[SourceQuality "1"]

{[%evp 9,79,16,24,21,14,12,52,50,54,54,59,57,45,47,51,51,59,47,39,40,34,33,59,56,66,73,70,70,131,139,204,198,199,181,190,164,206,206,198,192,245,0,297,283,311,189,189,185,206,191,392,406,406,318,347,261,266,264,281,278,594,581,602,382,364,361,326,321,1010,997,950,313]} 1. d4 Nf6 2. Nf3 g6 3. Nbd2 Bg7 4. e4 d6 5. Bb5+ c6 6. Bd3 {B07: Pirc Defence: Miscellaneous Systems.} O-O 7. O-O Bg4 8. h3 {White is slightly better.} Bxf3 9. Nxf3 {[#]} Nfd7 $146 ({Predecessor:} 9... Nbd7 10. c3 e5 11. Bg5 h6 12. Be3 Rc8 13. Qd2 Kh7 14. Rac1 Re8 15. Qc2 d5 16. dxe5 Nxe5 17. Nxe5 Rxe5 {1-0 (49) Da Paixao,I (1712)-Da Luz,F (1796) Teresina 2017}) 10. Bg5 c5 11. c3 cxd4 12. cxd4 Nc6 13. Be3 (13. d5 $5 {[%cal Rd5c6]} Nce5 14. Nxe5 Nxe5 15. Be2 $14) 13... e5 {[%cal Re5d4]} 14. d5 Nd4 15. Rc1 $36 {[%mdl 2048] White fights for an advantage.} Qb6 16. Nd2 Nc5 17. Nc4 Qd8 18. Bb1 b5 {[#]} (18... Rc8 $14) 19. Nxe5 $1 $16 {[%mdl 512]} dxe5 (19... Bxe5 $16 20. Bxd4 Bxd4 21. Qxd4 a5) 20. Rxc5 $18 Qb6 21. Rc1 Rac8 22. Bd3 b4 23. Qa4 a5 24. Qd7 Rcd8 (24... Qd8 $142 25. Qxd8 Rfxd8) 25. Qa4 $2 (25. Qc7 $18 Qxc7 26. Rxc7) 25... Qf6 $2 {[%mdl 8192]} (25... Rc8 $11 {and Black stays safe.}) 26. Rc5 Qh4 27. Bxd4 exd4 28. Qd1 a4 29. Qxa4 f5 $2 (29... Be5 {was worth a try.} 30. Rb5 (30. Qxb4 Qf4 $18) 30... Bd6) 30. exf5 gxf5 31. Qd1 Kh8 32. Qf3 Be5 33. Re1 Bd6 34. Rc6 Bb8 $2 (34... Qf4 35. Qxf4 Bxf4) 35. Ree6 Qf4 {Black hopes to continue with ...Qxf3.} 36. Qxf4 Bxf4 37. g3 Bb8 38. Re7 {aiming for Rh6!} Rxd5 $2 {[#]} (38... Bd6) 39. Rh6 $1 Rc8 40. Rhxh7+ $2 {Accuracy: White = 71%, Black = 48%.} (40. Rexh7+ Kg8 41. Rh8+ Kg7 42. R6h7+ Kg6 43. Rxc8 Kxh7 44. Rxb8) 1-0

[Event "4NCL 2019-20"]
[Site "Daventry"]
[Date "2020.02.29"]
[Round "1"]
[White "Eggleston, David J"]
[Black "Bulmaga, Irina"]
[Result "1-0"]
[WhiteElo "2396"]
[BlackElo "2453"]
[Annotator "TA"]
[PlyCount "95"]
[EventDate "2020.01.11"]
[EventCountry "ENG"]
[SourceTitle "playchess.com"]
[Source "ChessBase"]
[SourceQuality "1"]

{[%evp 20,95,18,17,25,37,26,30,21,22,21,14,110,85,116,122,154,166,165,157,141,72,71,57,106,106,106,103,105,70,77,84,100,105,123,100,115,110,114,110,140,139,140,131,162,160,225,227,233,227,264,262,276,245,279,224,273,261,328,296,308,316,308,299,357,333,472,470,454,440,5691,5504,5406,5600,4898,4806,2550,2407]} 1. e4 e5 2. Nf3 Nc6 3. Bb5 a6 4. Ba4 Nf6 5. O-O b5 6. Bb3 Be7 7. Re1 O-O 8. c3 d6 9. h3 Bb7 10. d4 Nd7 11. Nbd2 {[%cal Bb1d2,Bd2f1,Bf1e3,Be3f5][%mdl 32]} exd4 {C92: Closed Ruy Lopez: 9...Be6, Karpov and Flohr-Zaitsev Variations.} 12. cxd4 Bf6 13. Nf1 Na5 {White has an edge.} 14. Bc2 Re8 $1 15. Ne3 c5 {[#]} (15... Bxe4 $11 16. Bd2 Bxc2 17. Qxc2 c5) 16. Nf5 $1 $16 {[%cal Rf5d6]} cxd4 17. Nxd6 Re6 18. Nxb7 Nxb7 {[%cal Ba5b7,Bb7d6,Bd6e4][%mdl 32]} 19. Bb3 ({Worse is} 19. Nxd4 Rd6 $17) 19... Re8 20. Nxd4 {[#]} ({Better is} 20. Bd5 Qb6 21. Bf4) 20... Nb6 $146 ({Predecessor:} 20... Nbc5 21. Bd5 Rc8 22. Bf4 Nb6 23. Nf5 Nxd5 24. exd5 Rxe1+ 25. Qxe1 {½-½ (53) Scharrer,P (2193)-Brunello,S (2193) Porto San Giorgio 2004}) 21. Be3 Nc4 22. Bxc4 $1 bxc4 23. Qc2 Nd6 24. Red1 {Threatens to win with Nf5.} Nxe4 25. Qxc4 Qb8 26. b3 Nd6 27. Qd3 Nb5 28. Rac1 Nxd4 29. Bxd4 Qd6 {...Bxd4 is the strong threat.} 30. Be3 Qa3 31. Rc2 h6 32. Qf5 Re5 {[#]} (32... Qe7 $16 {was necessary.} 33. Rc6 Qe5) 33. Qf3 $1 $18 {[%cal Rf3a8]} Rae8 {[#]} 34. Bxh6 $1 {[%mdl 512]} a5 (34... gxh6 35. Qxf6) 35. Bf4 R5e6 36. Be3 {And now Bc5 would win.} Qe7 37. Rcd2 {[%cal Bc2d2,Bd2d7,Bd7a7][%mdl 32]} a4 38. Rd7 Qa3 39. Ra7 ({Don't play} 39. Qh5 g6 $18) 39... Qxa2 40. bxa4 Re5 41. g3 Qc2 42. Rdd7 Qb1+ (42... Rf5 $142 43. Qd1 Qa2) 43. Kg2 {White is clearly winning.} Rf5 44. Qb7 Qa1 (44... Qxb7+ $142 45. Rdxb7 Bc3) 45. Ra8 Rxa8 46. Qxa8+ Kh7 47. Qe4 Qe5 48. Qd3 {Accuracy: White = 90%, Black = 49%.} 1-0